|
|
|
|
| LEADER |
01317cam a2200385 i 4500 |
| 001 |
000046356 |
| 003 |
5819 |
| 005 |
20180118093822.0 |
| 008 |
010220b1997 vm 000 eng |
| 020 |
|
|
|a 047197076X (pbk.)
|
| 040 |
|
|
|a LRCC
|c LRCC
|d LRCC
|
| 041 |
0 |
|
|a eng
|
| 082 |
1 |
4 |
|a 658.514
|b TI-J
|
| 100 |
1 |
|
|a Tidd, Joseph,
|d 1960-
|
| 245 |
0 |
0 |
|a Managing innovation :
|b integrating technological, market, and organizational change /
|c Joseph Tidd.
|
| 260 |
|
|
|a Chichester, West Sussex, England ; New York :
|b John Wiley and Sons,
|c 1997.
|
| 300 |
|
|
|a xi, 377p. :
|b ill.
|
| 630 |
0 |
4 |
|a Industrial management.
|
| 630 |
0 |
4 |
|a Organizational change.
|
| 650 |
0 |
4 |
|a Industrial management.
|
| 650 |
0 |
4 |
|a Organizational change.
|
| 650 |
0 |
4 |
|a Organizational innovation.
|
| 650 |
0 |
4 |
|a Technological innovations.
|
| OWN |
|
|
|a DUT
|
| AVA |
|
|
|a UDN50
|b DUT
|c Book
|d 658.514 TI-J
|e available
|t Error 5001 Not defined in file expand_doc_bib_avail.
|f 1
|g 0
|h N
|i 0
|j SH
|k 1
|
| 999 |
|
|
|a From the UDN01
|
| AVA |
|
|
|a UDN50
|b DUT
|c Book
|d 658.514 TI-J
|e available
|t Error 5001 Not defined in file expand_doc_bib_avail.
|f 1
|g 0
|h N
|i 0
|j SH
|k 1
|
| TYP |
|
|
|a Monograph
|
| TYP |
|
|
|a Printed language
|
| 980 |
|
|
|a Mạng thư viện Đại học Đà Nẵng
|